[Dôchodkové poistenie]

Bibliographic Details
Main Author: Růžičková, Marta (Author)
Format: Article
Language:Slovak
PhysicalDescription:Tab.
ISSN:1335-4701
Subjects:

MARC

LEADER 00000nab a2200000 a 4500
001 vtls001520775
003 SK-MaSNL
005 20260426072033.0
008 140301c20050128xo dr|n|||||||000 b|slo
015 |a SNKBUCL2005/03 
038 |a SNKBUCL 
040 |a SNKBUCL  |b slo  |c SNKBUCL  |e AACR2 
041 0 |a slo 
044 |a xo  |c SK 
080 |a 369.5  |x (437.6)  |x (480)  |2 1997 
080 |a 368.914  |x (437.6)  |x (480)  |2 1997 
100 1 |a Růžičková, Marta  |4 aut  |9 296459 
245 1 0 |a [Dôchodkové poistenie]  |c pripravila Marta Růžičková 
300 |b Tab. 
650 0 7 |a dôchodkové poistenie  |2 snkbucl  |9 26984 
651 7 |a Slovensko  |2 snkbucl  |9 14231 
651 7 |a Fínsko  |2 snkbucl  |9 20176 
740 0 2 |a Za duplicitné zmeny nie sú sankcie 
740 0 2 |a Nové účty pobočiek Sociálnej poisťovne 
740 0 2 |a Vysoká úroveň penzijného zabezpečenia vo Fínsku 
773 0 |t Hospodárske noviny  |g Roč. XIII., č. 19 (28.-30.1.2005), s. 11  |x 1335-4701 
852 |a SNK  |b KIS3GCP 
958 |a FI 
999 |c 2684527  |d 2686457